000 00534nam a2200217Ia 4500
001 13987
003 GE_BSU
008 181216s||||||||xx |||||||||||||| ||und||
020 _a0141315121
040 _cGE_BSU
080 _a821.111-3
100 _aHoeye,Michael.
245 _aTime stops for no mouse.
245 2 _bA Hermux Tantamog adventure-tm.
260 _aLondon.
260 _bPuffin books.
260 _c1999
300 _a261p;20cm.
653 _aTime stops for no mouse.A Hermux Tantamog adventure-tm.
942 _cBK
999 _c47129
_d47129